Mammalian embryology / (Record no. 69097)
[ view plain ]
| 000 -LEADER | |
|---|---|
| fixed length control field | 00803nam a2200265 a 4500 |
| 001 - CONTROL NUMBER | |
| control field | 69097 |
| 003 - CONTROL NUMBER IDENTIFIER | |
| rucl marc code | BD-RjUL |
| 005 - DATE AND TIME OF LATEST TRANSACTION | |
| control field | 20211209081840.0 |
| 008 - FIXED-LENGTH DATA ELEMENTS--GENERAL INFORMATION | |
| fixed length control field | 170410s1995 ii a|||| |||| 000 0 eng d |
| 020 ## - INTERNATIONAL STANDARD BOOK NUMBER | |
| International Standard Book Number | 8174881042 |
| 035 ## - SYSTEM CONTROL NUMBER | |
| System control number | (BD-RjUL)69308 |
| 040 ## - CATALOGING SOURCE | |
| Original cataloging agency | BD-RjUL |
| Language of cataloging | eng |
| Transcribing agency | BD-RjUL |
| Modifying agency | BD-RjUL |
| 041 ## - LANGUAGE CODE | |
| Language code of text/sound track or separate title | eng |
| 082 ## - DEWEY DECIMAL CLASSIFICATION NUMBER | |
| Edition number | 23 |
| Classification number | 571.86 |
| Author mark and year | DIM 1995 |
| 100 1# - MAIN ENTRY--PERSONAL NAME | |
| Personal name | Diwan, Ambika Prasad |
| 9 (RLIN) | 204697 |
| 245 10 - TITLE STATEMENT | |
| Title | Mammalian embryology / |
| Statement of responsibility, etc. | Ambika Prasad Diwan; N K Dhakad |
| 250 ## - EDITION STATEMENT | |
| Edition statement | 1st ed. |
| 260 ## - PUBLICATION, DISTRIBUTION, ETC. (IMPRINT) | |
| Place of publication, distribution, etc. | New Delhi : |
| Name of publisher, distributor, etc. | Anmol Publications, |
| Date of publication, distribution, etc. | 1995. |
| 300 ## - PHYSICAL DESCRIPTION | |
| Pagination | v, 511 p. : |
| Illustrations | ill. ; |
| Size | 23 cm. |
| 490 ## - SERIES STATEMENT | |
| Series statement | Recent advances in embryology series, |
| Volume/sequential designation | 5. |
| 650 ## - SUBJECT ADDED ENTRY--TOPICAL TERM | |
| Topical term or geographic name as entry element | Embryology |
| 9 (RLIN) | 204698 |
| 700 ## - ADDED ENTRY--PERSONAL NAME | |
| Personal name | Dhakad, N K |
| 830 ## - SERIES ADDED ENTRY--UNIFORM TITLE | |
| Uniform title | Recent advances in embryology series, |
| Volume number/sequential designation | 5. |
| 942 ## - ADDED ENTRY ELEMENTS (KOHA) | |
| Source of classification or shelving scheme | Dewey Decimal Classification |
| Koha item type | Books |
| Lost status | Source of classification or shelving scheme | Damaged status | Not for loan | Collection code | Permanent Location | Current Location | Shelving location | Date acquired | Source of acquisition | Cost, normal purchase price | Total Checkouts | Full call number | Date last seen | Copy number | Koha item type |
|---|---|---|---|---|---|---|---|---|---|---|---|---|---|---|---|
| Dewey Decimal Classification | Not For Loan | Non-fiction | Central Library, University of Rajshahi | Central Library, University of Rajshahi | Reading Room | 01/01/2009 | Mallik Book | 1500.00 | 571.86 DIM 1995 | 10/04/2017 | C-1 | Books |